Największe miasta w Polsce, z wyjątkami - Statystyki

Ogólne statystyki
  • Ten quiz został rozwiązany 6 335 razy
    662 od ostatniego zresetowania
  • Średni wynik to 23 z 36
Statystyki odpowiedzi
Lp. Liczba
ludności
Miasto % Poprawnych
1. 240,5 tys. Gdynia
93%
2. 112,4 tys. Elbląg
82%
3. 105,1 tys. Koszalin
82%
12. 68 tys. Suwałki
81%
7. 91,3 tys. Legnica
78%
4. 102,6 tys. Tarnów
78%
22. 57,9 tys. Zamość
78%
21. 59,5 tys. Ełk
76%
27. 55,6 tys. Przemyśl
75%
6. 99,5 tys. Wałbrzych
74%
24. 56,8 tys. Chełm
73%
9. 85,1 tys. Słupsk
73%
5. 100,1 tys. Włocławek
73%
10. 80 tys. Nowy Sącz
72%
8. 88,2 tys. Grudziądz
71%
14. 67 tys. Inowrocław
71%
13. 67,2 tys. Lubin
70%
16. 66,2 tys. Piotrków Trybunalski
70%
11. 74,6 tys. Jelenia Góra
68%
29. 54,2 tys. Biała Podlaska
66%
20. 59,5 tys. Łomża
65%
15. 66,3 tys. Stargard
64%
17. 61,7 tys. Głogów
57%
25. 56,7 tys. Mielec
57%
30. 54 tys. Kędzierzyn-Koźle
56%
34. 51,9 tys. Bełchatów
55%
18. 61,6 tys. Ostrowiec Świętokrzyski
54%
26. 56,7 tys. Tczew
54%
32. 53,3 tys. Zgierz
53%
28. 54,6 tys. Stalowa Wola
51%
19. 60,3 tys. Pabianice
50%
35. 45,7 tys. Wejherowo
49%
36. 45,2 tys. Starogard Gdański
48%
23. 57 tys. Tomaszów Mazowiecki
46%
33. 52,4 tys. Świdnica
43%
31. 53,6 tys. Rumia
41%
Nie znaleziono quizów pasujących do podanych kryteriów
Rozkład punktacji
Procent ludzi z każdym wynikiem
Percentyl według liczby udzielonych odpowiedzi
Twoja historia wyników
Nie rozwiązałeś tego quizu od ostatniego zresetowania